| 000 | 00412nam a2200133Ia 4500 | ||
|---|---|---|---|
| 008 | 260210s9999 xx 000 0 und d | ||
| 024 | _a15B-067-SE, 15B-011-BS-15B-030-SE | ||
| 082 | _a004.54072 ABD | ||
| 100 | _aAbdul Moiz Uddin, Muhammad Haroon, Khand, Arsalan Ahmed | ||
| 245 | 0 | _aSmart Pharmacy | |
| 260 |
_aKarachi: _bUITU, _c2017 |
||
| 600 | _aComputer Science | ||
| 650 | _aBachelor of Computer Science (BS) | ||
| 999 |
_c33464 _d33464 |
||